1223 1196 1342 1690 1352 1202 1121 1943 1265 1927 1339 1161 1741 2000 1716 1776 1490 1076 1967 1262 1072 1046 1972 1064 1609 1410 1706 1619 1077 1651 1520 1731 1398 1842 1573 1684 1570 1840 1718 1778 1895 1274 1760 1046 1511 1630 1124 1041 1167 1888 1989 1386 1301 1098 1129 1346 1063 1625 1513 1660 1369 1056 1650 1016 1983 1558 1476 1529 1169 1797 1504 1323 1763 1391 1620 1301 1340 1483 1455 1807 1403 1408 1308 1656 1564 1777 1596 1635 1047 1635 1076 1657 1293 1406 1639 1186 1578 1921 1531 BCNSPRNW ULIB Ver.6.0+V

เปลี่ยนเป็นภาษาไทย

Change to English
 แสดงรายละเอียดบรรณานุกรม
  กลับหน้าหลัก

Brief Record : Get Marc (ISO 2709) : E-mail record : QR code < ปิดหน้าต่าง
LEADER : 00000nam 2200000uu 4500
001    13399125686
003     ULIB
008    170716s2559||||th 000 0 tha d
020    ^a9786163202598
060  0 ^aWB395^bอ488ก
100 0  ^aอังคณา โฉมอ่อน
245 00 ^aกินอย่างไรให้วัยอ่อนเยาว์และอายุยืน /^cอังคณา โฉมอ่อน
260    ^aกรุงเทพฯ :^bกอแก้ว,^c2559
300    ^a224 หน้า ;^c21 ซม.
650  0 ^aสุขภาพ^xการกิน
945    ^p180^l0^i25258
999    ^aกัณชพร จุลอักษร
รายการนี้ยังไม่มีแท็ก
คุณยังไม่ได้ล็อกอิน คุณสามารถมีกิจกรรมร่วมกับเว็บไซต์ได้ แต่ต้องล็อกอินก่อน ::
  ล็อกอิน

รายการสื่อสารสนเทศ

ลำดับที่ ประเภท เลขเรียก/บาร์โค้ด สถานที่ สถานะ
1. วิทยาศาสตร์การแพทย์ และสุขภาพ
วิทยาศาสตร์การแพทย์ และสุขภาพ
สถานะ=หนังสือเก่า
WB395 อ488ก ฉ.1 
  Barcode: 25258
ห้องสมุดวิทยาเขตนครสวรรค์
►ส่วนจัดเก็บหนังสือเก่า นว.
บนชั้น
  ขอยืม

รายการใกล้เคียง
    ผู้แต่ง [อังคณา โฉมอ่อน]

BibComment


ยังไม่เคยถูกคอมเมนท์

คอมเมนท์ทรัพยากรรายการนี้
  คอมเมนท์: กินอย่างไรให้วัย..


 Copyright 2026. Bcnsprnw @Library